Statistics for London Parks to Map

Click here to take the quiz!

General Stats

  • This quiz has been taken 21 times
  • The average score is 11 of 20

Answer Stats

Answer % Correct
Hyde Park
86%
St James Park
71%
Clapham Common
71%
Richmond Park
64%
Kensington Gardens
64%
Hainault Forest
Country Park
64%
Battersea Park
64%
Greenwich Park
64%
Green Park
57%
Alexandra Park
50%
Crystal Palace Park
50%
Hackney Marshes
50%
Wimbledon Common
50%
Regent's Park, The
50%
Mitcham Common
43%
Victoria Park
43%
Hampstead Heath
43%
Brockwell Park
36%
Bushy Park
36%
Trent Park
21%

Score Distribution

Percentile by Number Answered

Percent of People with Each Score

Your Score History

You have not taken this quiz